000 00451nam a2200157 i 4500
001 102574
003 ES-MaACL
005 20230906183133.0
007 t|
008 051117s1960 sp ||||1| spa d
100 1 _aMerino, José.
_980519
245 1 3 _aLa pronunciación inglesa para estudiantes de habla española /
_cJosé Merino.
260 _aMadrid :
_bAlhambra,
_c1960.
300 _a204 p. ;
_c18 cm.
852 _aES-MaACL
_jC-20833
_bR.48752
999 _c102574
_d102574